000 00722nam a2200241Ia 4500
003 OSt
005 20220918202631.0
006 a|||||r|||| 00| 0
007 ta
008 220917b |||||||| |||| 00| 0 eng d
024 _a102,674
037 _cTextual
040 _aARTS
_cARTS
_beng
041 _2eng
_aeng
082 _aV237,8(Y15), M5
100 _aChaturvedi Geeta
_9104691
245 0 _aWomen administration of India
_b a study of the socio-economic background and attitudes of women administrators of Rajasthan
260 _aJaipur
_bRBSA
_c1985
300 _ax,328p.
_ccm.
650 _aHISTORY
942 _hV237,8(Y15), M5
_cTEXL
_2CC
999 _c226125
_d226125